000 00580nam a22001697a 4500
003 OSt
005 20171010095519.0
008 120816t xxu||||| |||| 00| 0 eng d
040 _aMMSU
_cULS
100 _aSasutil, Remedios P.
_912191
245 _aLevels of awareness and compliance with fair trade laws by businessmen
_cRemedios P. Sasutil
260 _c2004
300 _axx, 162 leaves
_c28 cm.
500 _aThesis (MA Public Administration) -- Mariano Marcos State University-Graduate School, Laoag City
504 _aBibliography: leaves 78-79
942 _2ddc
_cTHEDIS
999 _c9760
_d9760